La historia de los obreros de la construcción

Wedi'i Gadw mewn:
Manylion Llyfryddiaeth
Prif Awduron: Rojas Flores, Jorge (Awdur), Murúa Olguín, Alfonso (Awdur), Rojas Flores, Gonzalo (Awdur)
Fformat: Llyfr
Iaith:Sbaeneg
Cyhoeddwyd: Santiago, Chile Programa de Economía de Trabajo 1993
Pynciau:
Tagiau: Ychwanegu Tag
Dim Tagiau, Byddwch y cyntaf i dagio'r cofnod hwn!

MARC

LEADER 00000nam a2200000 a 4500
001 UCX6563
003 CL-VaPUC
005 20220903073952.0
008 930723e19930000CL |||||||||||||||||spa|d
999 |c 226562  |d 226560 
040 |c Pontificia Universidad Católica de Valparaíso 
082 0 4 |a 331.76 ROJ 1993  |2 21 
100 0 |a Rojas Flores, Jorge  |e author  |9 323106 
245 1 3 |a La historia de los obreros de la construcción 
260 |a Santiago, Chile  |b Programa de Economía de Trabajo  |c 1993 
300 |a 224 páginas 
583 |a last modification  |c 20180417 04:25:03  |k Rodrigo Vera 
650 0 |a Clase obrera  |z CHILE  |9 317035 
650 0 |a Historia social  |z CHILE  |9 313638 
650 0 |a Clases sociales  |z CHILE  |9 256858 
700 0 |a Murúa Olguín, Alfonso  |e author  |9 323107 
700 0 |a Rojas Flores, Gonzalo  |e author  |9 323108 
852 |a BIBCUR 
942 |c BK  |2 ddc 
945 |d 19930723 00:00:00 
952 |0 0  |1 0  |2 ddc  |4 0  |6 331_760000000000000_ROJ_1993  |7 0  |8 A  |9 225014  |a BIBENE  |b BIBENE  |d 2019-11-15  |i 2937220  |o 331.76 ROJ 1993  |p 2937220  |r 2025-01-15  |t 2  |w 2019-11-15  |y BK  |k ICO 
952 |0 0  |1 0  |2 ddc  |4 0  |6 331_760000000000000_ROJ_1993  |7 0  |8 A  |9 225015  |a BIBHIS  |b BIBHIS  |d 2019-11-15  |i 3740285  |o 331.76 ROJ 1993  |p 3740285  |r 2025-01-20  |t 1  |w 2019-11-15  |y BK  |k HIS